[Event "Belarus-ch Women 2022"]
[Site "Minsk"]
[Date "2022.01.16"]
[Round "6.2"]
[White "Bendik, Margarita"]
[Black "Shaban, Aliaksandra"]
[Result "0-1"]
[WhiteElo "1388"]
[BlackElo "1680"]
[Annotator "NA RC"]
[PlyCount "136"]
[EventDate "2022.01.11"]
[EventType "tourn"]
[EventCountry "BLR"]
[SourceTitle "playchess.com"]
[Source "ChessBase"]
[SourceQuality "1"]
[TimeControl "40/5400+30:1800+30"]

1. Nf3 {[%emt 0:00:02]} Nf6 {[%emt 0:00:05]} 2. b4 {[%emt 0:00:03]} d5 {[%emt 0:00:20]} 3. Bb2 {[%emt 0:00:08]} e6 {[%emt 0:00:35]} 4. a3 {[%emt 0:00:05]} c5 {[%emt 0:01:14]} 5. b5 {[%emt 0:00:08]} a6 {[%emt 0:00:52]} 6. e3 {[%emt 0:00:31]} axb5 {[%emt 0:00:55]} 7. Bxb5+ {[%emt 0:00:07]} Bd7 {[%emt 0:00:54]} 8. a4 {[%emt 0:00:07]} Bd6 {[%emt 0:03:08]} 9. c4 {[%emt 0:05:01]} dxc4 {[%emt 0:02:50]} 10. Na3 {[%emt 0:05:58]} Nc6 {[%emt 0:04:37]} 11. Nxc4 {[%emt 0:00:27]} Bc7 {[%emt 0:00:49]} 12. O-O {[%emt 0:01:22]} O-O {[%emt 0:00:15]} 13. Qe2 {[%emt 0:08:25]} Nd5 {[%emt 0:03:55]} 14. Rfd1 {[%emt 0:00:44]} Nb6 {[%emt 0:04:24]} 15. d4 {[%emt 0:06:11]} cxd4 {[%emt 0:11:26]} 16. Nxb6 {[%emt 0:05:56]} Bxb6 {[%emt 0:00:31]} 17. Nxd4 {[%emt 0:06:48]} Qe8 {[%emt 0:16:46]} 18. Ba3 {[%emt 0:03:13]} Bxd4 {[%emt 0:03:39]} 19. Bxc6 {[%emt 0:02:34]} Bxc6 {[%emt 0:00:50]} 20. Rxd4 {[%emt 0:00:23]} e5 {[%emt 0:00:16]} 21. Rd2 {[%emt 0:07:40]} Rxa4 {[%emt 0:01:11]} 22. Raa2 {[%emt 0:22:33]} Bb5 {[%emt 0:01:41]} 23. Qd1 {[%emt 0:01:55]} Qa8 {[%emt 0:02:27]} 24. Bxf8 {[%emt 0:13:56]} Rxa2 {[%emt 0:00:44]} 25. Rxa2 {[%emt 0:00:55]} Qxa2 {[%emt 0:00:14]} 26. Be7 {[%emt 0:00:26]} h6 {[%emt 0:00:46]} 27. h3 {[%emt 0:00:18]} Bc6 {[%emt 0:03:53]} 28. Qd8+ {[%emt 0:00:30]} Kh7 {[%emt 0:00:01]} 29. Qd3+ {[%emt 0:01:06]} e4 {[%emt 0:02:00]} 30. Qc3 {[%emt 0:00:55]} Qe6 {[%emt 0:01:47]} 31. Bc5 {[%emt 0:00:26]} Qd5 {[%emt 0:00:54]} 32. Bd4 {[%emt 0:00:19]} f6 {[%emt 0:00:22]} 33. Qb4 {[%emt 0:00:20]} Qe6 {[%emt 0:02:15]} 34. Qc5 {[%emt 0:00:34]} Kg8 {[%emt 0:02:03]} 35. Qb6 {[%emt 0:01:30]} Qd7 {[%emt 0:04:12]} 36. Kh2 {[%emt 0:02:05]} Kf7 {[%emt 0:01:01]} 37. Kg1 {[%emt 0:00:12]} Bd5 {[%emt 0:01:35]} 38. Bb2 {[%emt 0:03:02]} Bc4 39. Kh2 {[%emt 0:03:05]} Kg6 {[%emt 0:04:09]} 40. Bd4 {[%emt 0:00:30]} Bd3 41. Qc5 {[%emt 0:00:18]} Qf5 {[%emt 0:03:32]} 42. Qxf5+ {[%emt 0:02:19]} Kxf5 {[%emt 0:00:01]} 43. g4+ {[%emt 0:01:24]} Ke6 {[%emt 0:00:14]} 44. Kg3 {[%emt 0:00:37]} g6 {[%emt 0:01:08]} 45. h4 {[%emt 0:00:41]} f5 {[%emt 0:00:31]} 46. gxf5+ {[%emt 0:06:02]} Kxf5 {[%emt 0:01:39]} 47. Bg7 {[%emt 0:02:44]} h5 {[%emt 0:01:42]} 48. f3 {[%emt 0:07:01]} b5 {[%emt 0:01:41]} 49. fxe4+ {[%emt 0:05:54]} Kxe4 {[%emt 0:00:59]} 50. Bd4 {[%emt 0:00:23]} b4 {[%emt 0:00:06]} 51. Bc5 {[%emt 0:01:32]} b3 {[%emt 0:00:26]} 52. Bd4 {[%emt 0:00:07]} Bc2 {[%emt 0:01:31]} 53. Kf2 {[%emt 0:00:44]} Kf5 {[%emt 0:02:03]} 54. Kf3 {[%emt 0:01:51]} Bd3 {[%emt 0:01:18]} 55. Bb2 {[%emt 0:00:18]} Be4+ {[%emt 0:00:23]} 56. Kg3 {[%emt 0:00:20]} g5 {[%emt 0:00:24]} 57. hxg5 {[%emt 0:00:38]} Kxg5 {[%emt 0:00:01]} 58. Kh3 {[%emt 0:00:33]} h4 {[%emt 0:00:48]} 59. Bc3 {[%emt 0:01:15]} Bf5+ {[%emt 0:00:11]} 60. Kg2 {[%emt 0:00:24]} Kg4 {[%emt 0:00:12]} 61. Bb2 {[%emt 0:01:22]} h3+ {[%emt 0:00:30]} 62. Kh2 {[%emt 0:00:41]} Kf3 {[%emt 0:00:14]} 63. Bd4 {[%emt 0:00:06]} Be6 {[%emt 0:00:08]} 64. Kg1 {[%emt 0:00:14]} Ke4 {[%emt 0:00:34]} 65. Kf2 {[%emt 0:04:27]} Kd3 {[%emt 0:00:23]} 66. Kg3 {[%emt 0:00:34]} Kc2 {[%emt 0:00:11]} 67. e4 {[%emt 0:00:06]} b2 {[%emt 0:00:09]} 68. Bxb2 {[%emt 0:00:05]} Kxb2 {[%emt 0:00:03]} 0-1

[Event "Belarus-ch Women 2022"]
[Site "Minsk"]
[Date "2022.01.16"]
[Round "6.3"]
[White "Ajusheva, Renata"]
[Black "Poliakova, Varvara"]
[Result "0-1"]
[WhiteElo "1464"]
[BlackElo "2116"]
[Annotator "TA"]
[PlyCount "124"]
[EventDate "2022.01.11"]
[EventType "tourn"]
[EventCountry "BLR"]
[SourceTitle "playchess.com"]
[Source "ChessBase"]
[SourceQuality "1"]

{[%evp 9,124,-2,0,0,-10,-14,-10,-21,0,0,0,-1,0,-10,46,31,30,18,82,29,24,0,0,0,16,18,14,16,23,-25,-30,-30,-31,-28,-18,-25,-19,-22,11,5,7,-7,0,0,165,-66,-52,-72,-58,-133,-15,-344,0,0,0,-58,-58,-53,-49,-81,-81,-107,-94,-112,-101,-154,-156,-255,-213,-201,-215,-214,-209,-216,-215,-203,-191,-223,-243,-289,-282,-445,-449,-448,-442,-432,-412,-783,-887,-690,-484,-431,-410,-473,-472,-443,-426,-565,-378,-511,-491,-432,-330,-307,-295,-551,-510,-5342,-4622,-3115,-1008,-882,-806,-29989,-29990,-29992,-29993]} 1. d4 d6 2. e4 Nf6 3. Nd2 e5 4. dxe5 dxe5 5. h3 Bc5 {[%cal Oc5f2]} 6. Ngf3 {B07: Pirc Defence: Miscellaneous Systems.} O-O 7. Be2 Nc6 8. c3 {The position is equal.} a6 {[#]} 9. b4 $146 ({Predecessor:} 9. O-O Qe7 10. b4 Bd6 11. Re1 Bd7 12. a3 Na7 13. Qc2 b5 14. Nb3 Be6 15. Bg5 {0-1 (30) Kichev,V (2402)-Morozov,S (2380) RCCA 1997}) 9... Ba7 10. a4 Re8 11. O-O a5 (11... Nh5 $11) 12. b5 $14 Nb8 {[%cal Bc6b8,Bb8d7,Bd7f8,Bf8g6,Bg6f4][%mdl 32]} 13. Bc4 Bc5 (13... h6 $11 {keeps the balance.}) 14. Qb3 (14. Ng5 $16 Be6 15. Nxe6 fxe6 16. Qe2) 14... Qe7 $11 15. Re1 {[%cal Of3e5]} (15. Ng5 {seems wilder.} Rf8 16. Ndf3 h6 17. Bxf7+ Rxf7 18. Qxf7+ Qxf7 19. Nxf7 Kxf7 20. Nxe5+ Ke8 21. Nd3) 15... Nbd7 16. Qc2 Nf8 17. Nf1 h6 18. Ne3 Ng6 19. Nd5 (19. Nf5 {should be considered.} Qf8 20. Nd2) 19... Nxd5 20. Bxd5 Qf6 21. Qe2 c6 22. bxc6 bxc6 23. Bc4 Nf4 24. Bxf4 Qxf4 25. Kh1 g5 26. Nh2 Be6 $2 (26... Qxf2 $2 27. Qh5 Be6 28. Bxe6 Rxe6 29. Rf1 $18) (26... Bxf2 $2 27. Rf1 Qh4 28. Rxf2 $18) (26... Kg7 $11 {and Black has nothing to worry.}) 27. g3 $2 (27. Bxe6 $18 fxe6 28. Rab1) 27... Qxf2 $15 28. Bxe6 Rxe6 ({Don't do} 28... fxe6 29. Qh5 Qf7 30. Qxh6 $16) 29. Qh5 (29. Qg4 $15) 29... Qf6 {Black is much more active.} ({Black should play} 29... Qxg3 $17 {Hoping for ...Rd8.} 30. Rf1 Bf2) 30. Ng4 $2 {[%mdl 8192]} (30. Rf1 $11 {and White is okay.} Qg6 31. Qe2) 30... Qg6 $2 ({Better is} 30... Qf3+ $19 31. Kh2 Kg7) 31. Qxg6+ $11 Rxg6 ({But not} 31... fxg6 32. Nxh6+ Kg7 33. Ng4 $16) 32. Nxe5 (32. Rf1 $11) 32... Re6 $15 33. Nd3 Ba7 34. Kg2 Rd8 $36 {[%mdl 2048] Black has strong initiative. Black keeps a firm grip on the game.} 35. Rad1 Red6 36. Nb2 Rd2+ 37. Kh1 (37. Kf3 $142) 37... Bf2 $17 38. Rf1 (38. Rxd2 $17 Rxd2 39. Rb1) 38... Bxg3 $19 {Threatens to win with ...Bc7.} 39. Rxd2 Rxd2 {[%mdl 4096] Endgame KRB-KRN} 40. Nc4 Ra2 41. Nxa5 Rxa4 42. Nxc6 Rxe4 43. Rf3 Bf4 44. Nd4 Kg7 45. Nf5+ (45. Nb3 $142) 45... Kg6 46. Nd4 f5 {[%cal Bf7f5,Bf5g4][%mdl 32]} 47. Kg2 g4 48. hxg4 (48. Rf1 $142 h5 49. h4) 48... fxg4 49. Rf2 Kg5 {[#] Strongly threatening ...h5.} 50. Ra2 Re5 51. Ra6 Be3 (51... h5 52. Ne6+ Kf5 53. Nd4+ Ke4 54. Ne6 $19) 52. Ne6+ Kh4 53. c4 Rf5 {[#] ( -> ...Rf2+)} 54. Ra2 {Inhibits Rf2+.} Rf6 55. Ng7 Rf7 56. Ne6 Re7 57. Ra6 (57. Nf8 Re8 58. Re2) 57... h5 58. Kh2 (58. c5 $142 Re8 59. Rd6) 58... Rf7 59. Ra2 Rf1 (59... Rf6 $142 60. Ng7 Bh6 61. Nxh5 Kxh5) 60. Re2 Ba7 {White must now prevent ...Rd1.} 61. Re4 Rf2+ 62. Kh1 Kg3 {Weighted Error Value: White=0.69/Black=0.41} 0-1

[Event "Belarus-ch Women 2022"]
[Site "Minsk"]
[Date "2022.01.16"]
[Round "6.4"]
[White "Zeliantsova, Kseniya"]
[Black "Koishman, Karina"]
[Result "1-0"]
[WhiteElo "1988"]
[BlackElo "1359"]
[Annotator "ChessBase"]
[PlyCount "63"]
[EventDate "2022.01.11"]
[EventType "tourn"]
[EventCountry "BLR"]
[SourceTitle "playchess.com"]
[Source "ChessBase"]
[SourceQuality "1"]
[TimeControl "40/5400+30:1800+30"]

1. e4 {[%emt 0:00:02]} c5 {[%emt 0:00:10]} 2. Nf3 {[%emt 0:00:07]} e6 {[%emt 0:00:08]} 3. Nc3 {[%emt 0:00:12]} Nc6 {[%emt 0:00:15]} 4. g3 {[%emt 0:00:07]} Nf6 {[%emt 0:00:18]} 5. Bg2 {[%emt 0:00:39]} d5 {[%emt 0:00:59]} 6. exd5 {[%emt 0:01:37]} exd5 {[%emt 0:00:16]} 7. d4 {[%emt 0:01:38]} h6 {[%emt 0:05:37]} 8. O-O {[%emt 0:02:02]} Be7 {[%emt 0:03:54]} 9. Be3 {[%emt 0:08:27]} cxd4 {[%emt 0:04:24]} 10. Nxd4 {[%emt 0:00:05]} O-O {[%emt 0:00:26]} 11. h3 {[%emt 0:01:24]} Ne5 {[%emt 0:07:46]} 12. b3 {[%emt 0:05:45]} Bb4 {[%emt 0:05:19]} 13. Nde2 {[%emt 0:08:01]} Nc6 {[%emt 0:08:10]} 14. Nb5 {[%emt 0:06:19]} a6 {[%emt 0:05:57]} 15. Nbd4 {[%emt 0:00:07]} Ne7 {[%emt 0:02:24]} 16. Qd3 {[%emt 0:06:53]} Bd7 {[%emt 0:04:09]} 17. f4 {[%emt 0:05:30]} Ne8 {[%emt 0:12:01]} 18. f5 {[%emt 0:01:55]} Rc8 {[%emt 0:06:53]} 19. Rf4 {[%emt 0:17:05]} Qc7 {[%emt 0:06:43]} 20. Raf1 {[%emt 0:06:45]} Bc5 {[%emt 0:05:06]} 21. Qd2 {[%emt 0:07:21]} Bxd4 {[%emt 0:03:30]} 22. Nxd4 {[%emt 0:00:05]} Qc3 {[%emt 0:00:47]} 23. Qc1 {[%emt 0:01:10]} Nc6 {[%emt 0:03:57]} 24. Nxc6 {[%emt 0:00:58]} Rxc6 {[%emt 0:03:31]} 25. Bxd5 {[%emt 0:00:23]} Rd6 {[%emt 0:00:38]} 26. Bg2 {[%emt 0:00:47]} Bb5 {[%emt 0:01:13]} 27. Re1 {[%emt 0:01:31]} Nf6 {[%emt 0:01:04]} 28. a4 {[%emt 0:00:39]} Bc6 {[%emt 0:01:49]} 29. Rc4 {[%emt 0:00:36]} Qa5 {[%emt 0:01:40]} 30. Bc5 {[%emt 0:01:43]} Rd2 {[%emt 0:01:50]} 31. Bxc6 {[%emt 0:01:41]} Rfd8 {[%emt 0:01:50]} 32. Bg2 {[%emt 0:02:21]} 1-0

[Event "Belarus-ch Women 2022"]
[Site "Minsk"]
[Date "2022.01.16"]
[Round "6.5"]
[White "Norman, Kseniya"]
[Black "Khomich, Maryna"]
[Result "1/2-1/2"]
[WhiteElo "1810"]
[BlackElo "1627"]
[Annotator "NA RC"]
[PlyCount "92"]
[EventDate "2022.01.11"]
[EventType "tourn"]
[EventCountry "BLR"]
[SourceTitle "playchess.com"]
[Source "ChessBase"]
[SourceQuality "1"]
[TimeControl "40/5400+30:1800+30"]

1. Nf3 {[%emt 0:00:09]} d5 {[%emt 0:00:09]} 2. g3 {[%emt 0:00:08]} Nf6 {[%emt 0:00:12]} 3. Bg2 {[%emt 0:00:08]} c6 {[%emt 0:00:15]} 4. d3 {[%emt 0:00:11]} Bf5 {[%emt 0:00:23]} 5. O-O {[%emt 0:00:37]} h6 {[%emt 0:00:40]} 6. Nbd2 {[%emt 0:03:01]} Nbd7 {[%emt 0:00:56]} 7. Qe1 {[%emt 0:03:26]} e5 {[%emt 0:03:31]} 8. e4 {[%emt 0:04:23]} dxe4 {[%emt 0:00:18]} 9. Nxe4 {[%emt 0:10:29]} Nxe4 {[%emt 0:01:11]} 10. dxe4 {[%emt 0:00:02]} Be6 {[%emt 0:04:10]} 11. b3 {[%emt 0:06:42]} Qc7 {[%emt 0:09:48]} 12. Bb2 {[%emt 0:13:17]} Bd6 {[%emt 0:03:41]} 13. Qc3 {[%emt 0:07:33]} O-O {[%emt 0:02:56]} 14. Rad1 {[%emt 0:03:24]} a5 {[%emt 0:03:50]} 15. a3 {[%emt 0:02:20]} Rfd8 {[%emt 0:06:33]} 16. Nh4 {[%emt 0:08:52]} Be7 {[%emt 0:04:43]} (16... a4 $15 {feels stronger.} 17. Nf5 Bxf5 18. exf5 axb3) 17. Nf5 {[%emt 0:02:22]} Bf6 {[%emt 0:02:35]} 18. Qf3 {[%emt 0:04:56]} Bxf5 {[%emt 0:12:10]} 19. Qxf5 {[%emt 0:00:08]} a4 {[%emt 0:01:22]} 20. b4 {[%emt 0:15:19]} Nb6 {[%emt 0:05:11]} 21. Bc1 {[%emt 0:00:13]} Rd6 {[%emt 0:04:12]} 22. Qg4 {[%emt 0:02:06]} Qd7 {[%emt 0:04:32]} (22... Rad8 $11) 23. Qxd7 {[%emt 0:01:22]} Rxd7 {[%emt 0:00:07]} 24. Rxd7 {[%emt 0:00:04]} Nxd7 {[%emt 0:00:06]} 25. Be3 {[%emt 0:00:10]} Rd8 {[%emt 0:10:57]} 26. Rd1 {[%emt 0:01:41]} Kf8 {[%emt 0:08:41]} 27. c4 {[%emt 0:03:12]} Ke8 {[%emt 0:03:26]} 28. Bf3 {[%emt 0:01:52]} Bg5 {[%emt 0:02:37]} 29. Bxg5 {[%emt 0:04:16]} hxg5 {[%emt 0:00:05]} 30. Be2 {[%emt 0:00:05]} b6 {[%emt 0:03:00]} 31. f3 {[%emt 0:02:03]} f6 {[%emt 0:02:35]} 32. Kf2 {[%emt 0:00:45]} c5 {[%emt 0:00:55]} 33. b5 {[%emt 0:00:33]} Ke7 {[%emt 0:00:11]} 34. Rd5 {[%emt 0:01:00]} Ra8 {[%emt 0:00:32]} 35. Bf1 {[%emt 0:00:29]} Ra7 {[%emt 0:00:49]} 36. Ke3 {[%emt 0:00:21]} Nf8 {[%emt 0:00:32]} 37. Bh3 {[%emt 0:00:06]} Ng6 {[%emt 0:00:34]} 38. Bf5 {[%emt 0:00:41]} Nh8 {[%emt 0:00:19]} 39. Rd2 {[%emt 0:00:57]} Nf7 {[%emt 0:00:08]} 40. Bh7 {[%emt 0:00:00]} Ra8 {[%emt 0:00:00]} 41. Bf5 $19 {[%emt 0:10:46]} Nd6 {[%emt 0:00:49]} 42. Kd3 {[%emt 0:01:49]} Nxf5 {[%emt 0:17:57]} 43. exf5 {[%emt 0:00:02]} Rd8+ {[%emt 0:00:10]} 44. Kc3 {[%emt 0:00:55]} Rd4 {[%emt 0:00:32]} 45. Rd3 {[%emt 0:05:11]} Kd6 {[%emt 0:07:29]} 46. Rd2 {[%emt 0:01:43]} Kc7 {[%emt 0:01:07]} 1/2-1/2

[Event "Belarus-ch Women 2022"]
[Site "Minsk"]
[Date "2022.01.17"]
[Round "7.1"]
[White "Khomich, Maryna"]
[Black "Sidorenja, Milena"]
[Result "0-1"]
[WhiteElo "1627"]
[BlackElo "1510"]
[Annotator "NA RC"]
[PlyCount "72"]
[EventDate "2022.01.11"]
[EventType "tourn"]
[EventCountry "BLR"]
[SourceTitle "playchess.com"]
[Source "ChessBase"]
[SourceQuality "1"]
[TimeControl "40/5400+30:1800+30"]

1. Nf3 {[%emt 0:00:03]} d5 {[%emt 0:00:08]} 2. g3 {[%emt 0:00:06]} Nf6 {[%emt 0:00:22]} 3. Bg2 {[%emt 0:00:08]} Bf5 {[%emt 0:00:14]} 4. O-O {[%emt 0:00:39]} e6 {[%emt 0:00:10]} 5. d3 {[%emt 0:03:50]} h6 {[%emt 0:01:34]} 6. Nc3 {[%emt 0:02:09]} c6 {[%emt 0:00:49]} 7. Nd2 {[%emt 0:00:34]} Bc5 {[%emt 0:00:59]} 8. e4 {[%emt 0:01:24]} Bh7 {[%emt 0:00:15]} 9. Kh1 {[%emt 0:05:28]} O-O {[%emt 0:04:19]} 10. Qe1 {[%emt 0:03:15]} a5 {[%emt 0:01:15]} 11. f4 {[%emt 0:03:30]} Na6 {[%emt 0:01:37]} 12. a3 {[%emt 0:04:14]} b5 {[%emt 0:00:26]} 13. e5 {[%emt 0:01:43]} Nd7 {[%emt 0:01:45]} 14. Ne2 {[%emt 0:06:37]} Bb6 {[%emt 0:10:06]} 15. g4 {[%emt 0:07:01]} c5 {[%emt 0:17:43]} 16. Qg3 {[%emt 0:01:12]} c4 {[%emt 0:04:12]} 17. f5 {[%emt 0:04:33]} cxd3 {[%emt 0:17:39]} 18. cxd3 {[%emt 0:00:08]} Qe7 {[%emt 0:03:28]} 19. d4 {[%emt 0:10:27]} Kh8 {[%emt 0:04:02]} 20. f6 {[%emt 0:12:53]} gxf6 {[%emt 0:04:52]} 21. exf6 {[%emt 0:10:24]} Qd8 {[%emt 0:00:11]} 22. Qh4 {[%emt 0:00:46]} Rg8 {[%emt 0:00:45]} 23. Nf3 {[%emt 0:08:59]} Qxf6 {[%emt 0:15:58]} 24. g5 {[%emt 0:00:13]} Qe7 {[%emt 0:00:40]} 25. Qxh6 {[%emt 0:02:04]} Rg6 {[%emt 0:00:07]} 26. Qh4 {[%emt 0:01:19]} Bc7 {[%emt 0:03:45]} 27. Nf4 {[%emt 0:01:12]} Bxf4 {[%emt 0:02:28]} 28. Bxf4 {[%emt 0:00:12]} f6 {[%emt 0:01:50]} 29. gxf6 {[%emt 0:02:41]} Qxf6 {[%emt 0:00:10]} 30. Ng5 {[%emt 0:01:55]} Qe7 {[%emt 0:01:32]} 31. Bd2 {[%emt 0:02:49]} Rf8 {[%emt 0:01:20]} 32. Rxf8+ {[%emt 0:02:24]} Nxf8 {[%emt 0:00:05]} 33. Rf1 {[%emt 0:00:12]} Rg7 {[%emt 0:01:32]} 34. Qh6 {[%emt 0:01:32]} Nb8 {[%emt 0:00:34]} 35. Bf4 {[%emt 0:00:52]} Nbd7 {[%emt 0:00:04]} 36. Qh4 {[%emt 0:00:29]} Ng6 {[%emt 0:00:18]} 0-1

[Event "Belarus-ch Women 2022"]
[Site "Minsk"]
[Date "2022.01.17"]
[Round "7.2"]
[White "Koishman, Karina"]
[Black "Norman, Kseniya"]
[Result "0-1"]
[WhiteElo "1359"]
[BlackElo "1810"]
[Annotator "NA RC"]
[PlyCount "58"]
[EventDate "2022.01.11"]
[EventType "tourn"]
[EventCountry "BLR"]
[SourceTitle "playchess.com"]
[Source "ChessBase"]
[SourceQuality "1"]
[TimeControl "40/5400+30:1800+30"]

{[%evp 8,41,9,-15,-11,-7,-18,-16,6,-18,0,-22,-7,-119,-116,32767,32767,-116,-120,32767,32767,-124,-120,-124,-123,-116,32767,-115,-127,-125,-111,-120,-123,-118,-134,-129]} 1. d4 {[%emt 0:00:03]} Nf6 {[%emt 0:01:37]} 2. Nc3 {[%emt 0:00:12]} d5 {[%emt 0:00:09]} 3. Bg5 {[%emt 0:00:10]} Nbd7 {[%emt 0:00:07]} 4. f3 {[%emt 0:00:11]} c5 {[%emt 0:00:55]} 5. e4 {[%emt 0:00:19]} cxd4 {[%emt 0:00:52]} 6. Bxf6 {[%emt 0:00:29]} Nxf6 {[%emt 0:01:21]} 7. Qxd4 {[%emt 0:00:40]} dxe4 $1 {[%emt 0:02:05]} 8. Bb5+ {[%emt 0:06:32]} Bd7 {[%emt 0:02:22]} 9. O-O-O {[%emt 0:03:17]} Bxb5 {[%emt 0:27:48]} 10. Qe5 {[%emt 0:06:42] [#]} (10. Nxb5 $11 {remains equal.} Qxd4 11. Rxd4) 10... Bd3 $1 {[%emt 0:06:53]} 11. cxd3 {[%emt 0:14:02]} exd3 {[%emt 0:00:40]} 12. Qb5+ {[%emt 0:05:35]} Qd7 {[%emt 0:01:08]} 13. Qxd3 {[%emt 0:01:09]} Qxd3 {[%emt 0:00:59]} 14. Rxd3 {[%emt 0:00:10]} e6 {[%emt 0:01:31]} 15. Nge2 {[%emt 0:01:44]} Be7 {[%emt 0:01:01]} 16. Rhd1 {[%emt 0:06:02]} a6 {[%emt 0:01:48]} 17. Ng3 {[%emt 0:02:10]} Rc8 {[%emt 0:04:20]} 18. Kb1 {[%emt 0:02:19]} Rd8 {[%emt 0:07:05]} 19. Nge4 {[%emt 0:04:24]} Rxd3 {[%emt 0:01:03]} 20. Rxd3 {[%emt 0:00:48]} Nd7 {[%emt 0:01:22]} 21. Nd6+ $17 {[%emt 0:07:19]} Bxd6 {[%emt 0:02:04]} 22. Rxd6 {[%emt 0:03:44]} Ke7 {[%emt 0:00:13]} 23. Rd4 {[%emt 0:00:21]} Rd8 {[%emt 0:02:44]} 24. b4 {[%emt 0:04:59]} Nb6 {[%emt 0:02:51]} 25. Rxd8 {[%emt 0:07:51]} Kxd8 {[%emt 0:00:02]} 26. Ne4 {[%emt 0:00:11]} Kd7 {[%emt 0:04:05]} 27. g4 {[%emt 0:02:42]} Nc4 {[%emt 0:02:46]} 28. Kc1 {[%emt 0:02:04]} Ne5 {[%emt 0:01:00]} 29. Nc5+ {[%emt 0:02:44]} Kc6 {[%emt 0:00:31]} 0-1

[Event "Belarus-ch Women 2022"]
[Site "Minsk"]
[Date "2022.01.17"]
[Round "7.3"]
[White "Poliakova, Varvara"]
[Black "Zeliantsova, Kseniya"]
[Result "1-0"]
[WhiteElo "2116"]
[BlackElo "1988"]
[Annotator "TA"]
[PlyCount "81"]
[EventDate "2022.01.11"]
[EventType "tourn"]
[EventCountry "BLR"]
[SourceTitle "playchess.com"]
[Source "ChessBase"]
[SourceQuality "1"]

{[%evp 11,81,0,20,0,0,-17,27,25,17,9,25,16,15,-37,-25,-68,-65,-63,0,15,0,1,16,12,20,14,10,31,33,0,0,0,50,55,36,12,34,-19,38,33,34,25,339,73,71,62,89,82,87,82,96,92,125,112,348,345,321,335,438,394,522,0,0,0,31,41,279,279,12841,12841,29997,29998]} 1. d4 d6 2. Nf3 g6 3. Bf4 Bg7 4. e3 Nd7 5. h3 e5 6. Bh2 Ne7 7. c3 {A41: 1 d4 d6: Tartakower System and Modern Defence.} O-O 8. Be2 e4 (8... b6 $142) 9. Nfd2 $1 $11 {White has an edge.} f5 {[#]} 10. Na3 $146 ({Predecessor:} 10. O-O Nf6 11. Na3 g5 12. Qc2 Ng6 13. Nac4 Qe7 14. Na5 Kh8 15. a4 f4 16. exf4 gxf4 {0-1 (30) Bertschik,J (1677)-Tkachuk,K (2247) Unna 2016}) 10... Kh8 11. Qc2 a6 12. Nb3 (12. c4 $11) 12... b5 $15 13. c4 (13. O-O $11 {feels stronger.}) 13... bxc4 $1 14. Nxc4 Nb6 (14... Nd5 $15) 15. Nxb6 $11 cxb6 16. Rc1 Ra7 {To avoid Qc7} 17. Nd2 Be6 18. Qa4 Nd5 19. O-O f4 20. Nxe4 (20. Qa3 {looks sharper.} f3 21. gxf3 exf3 22. Nxf3 Bxh3 23. Qxd6 Rd7 24. Qg3) 20... fxe3 21. fxe3 {And now Qa3 would win.} Bf5 (21... Rxf1+ $11 22. Bxf1 Nxe3) 22. Nxd6 $14 Nxe3 23. Nxf5 (23. Rf2 $5 {[%cal Rh2e5]}) 23... gxf5 (23... Nxf1 $2 24. Nxg7 Nxh2 25. Ne6 $18) 24. Rfe1 (24. Rf4 $14) 24... Bxd4 ({Better is} 24... f4 $11) 25. Kh1 $1 {[%cal Oc1c8] Hoping for Rc8!} f4 26. Bf3 {[%cal Oc1d1]} Rg7 $2 {[%mdl 8192] [#]} (26... Qf6 $11 {and Black has nothing to worry.}) 27. Re2 $2 (27. Rcd1 $1 $18 {[%cal Rd1d4][%mdl 512]} Rd7 (27... Nf5 28. Re4) 28. Rxe3) 27... Qf6 $16 28. Rc6 Qe5 29. Qxa6 Qf5 {[#] ( -> ...Qb1+)} 30. Rc1 {To avoid Qb1} Rfg8 31. Qa4 Qf6 32. Qc6 Qf8 $2 (32... Qxc6 $16 {was necessary.} 33. Rxc6 Rf8) 33. Qe4 $1 $18 {[%csl LRd4,LRf4]} Nf5 34. Qxf4 ({Don't take} 34. Bxf4 Re7) 34... Rf7 {[%cal Of5g3]} 35. Qd2 ({And not} 35. Bg4 {[#]} Ng3+ $1 36. Qxg3 Rf1+ 37. Bg1 Rxc1 $11) 35... Bg7 36. Be5 {To avoid Nd4} ({White should play} 36. Bd5 $18) 36... Bxe5 $11 37. Rxe5 Ng3+ (37... Qg7 $5 {[%cal Rg7e5]} 38. Rxf5 Rxf5 $11) 38. Kh2 {Qc3 is the strong threat.} Rxf3 ({Black should try} 38... Qb8 $1 $14 39. Qd5 Ne2) 39. gxf3 $18 Qxf3 $2 (39... Qg7 40. Rg5 Nf1+ 41. Rxf1 Qxg5 42. Qxg5 Rxg5) 40. Re3 {Threatening mate with Qd4+.} Qf4 {Prevents Qd4+.} 41. Qc3+ {Weighted Error Value: White=0.32/Black=0.70} 1-0

[Event "Belarus-ch Women 2022"]
[Site "Minsk"]
[Date "2022.01.17"]
[Round "7.4"]
[White "Shaban, Aliaksandra"]
[Black "Ajusheva, Renata"]
[Result "1/2-1/2"]
[WhiteElo "1680"]
[BlackElo "1464"]
[Annotator "NA RC"]
[PlyCount "60"]
[EventDate "2022.01.11"]
[EventType "tourn"]
[EventCountry "BLR"]
[SourceTitle "playchess.com"]
[Source "ChessBase"]
[SourceQuality "1"]
[TimeControl "40/5400+30:1800+30"]

1. e4 {[%emt 0:00:01]} g6 {[%emt 0:04:18]} 2. d4 {[%emt 0:01:46]} Bg7 {[%emt 0:00:05]} 3. Nf3 {[%emt 0:02:29]} d6 {[%emt 0:01:08]} 4. Bd3 {[%emt 0:00:31]} Nc6 {[%emt 0:03:17]} 5. c3 {[%emt 0:02:06]} e5 {[%emt 0:01:01]} 6. dxe5 {[%emt 0:00:57]} Nxe5 {[%emt 0:00:06]} 7. Nxe5 {[%emt 0:00:09]} Bxe5 {[%emt 0:00:05]} 8. Be3 {[%emt 0:01:32]} Ne7 {[%emt 0:00:27]} 9. Nd2 {[%emt 0:02:44]} O-O {[%emt 0:00:41]} 10. Nf3 {[%emt 0:01:10]} Bg7 {[%emt 0:00:09]} 11. O-O {[%emt 0:00:26]} Nc6 {[%emt 0:00:10]} 12. Bc2 {[%emt 0:01:03]} h6 {[%emt 0:01:27]} 13. Qd2 {[%emt 0:01:50]} Kh7 {[%emt 0:00:12]} 14. Nd4 {[%emt 0:01:49]} Nxd4 {[%emt 0:01:43]} 15. Bxd4 {[%emt 0:00:15]} Bxd4 {[%emt 0:00:17]} 16. Qxd4 {[%emt 0:00:39]} Bd7 {[%emt 0:06:44]} 17. Rfe1 {[%emt 0:03:14]} Bc6 {[%emt 0:00:43]} 18. f3 {[%emt 0:02:46]} Re8 {[%emt 0:02:20]} 19. Rad1 {[%emt 0:04:49]} Qg5 {[%emt 0:00:56]} 20. Bb3 {[%emt 0:02:11]} Re7 {[%emt 0:03:40]} 21. Bd5 {[%emt 0:00:57]} Bxd5 {[%emt 0:00:21]} 22. Qxd5 {[%emt 0:00:08]} Qxd5 {[%emt 0:00:14]} 23. exd5 {[%emt 0:00:10]} Rae8 {[%emt 0:00:06]} 24. Kf2 {[%emt 0:00:40]} Kg7 {[%emt 0:00:14]} 25. Rxe7 {[%emt 0:01:09]} Rxe7 {[%emt 0:00:04]} 26. c4 {[%emt 0:00:36]} f5 {[%emt 0:00:26]} 27. g3 {[%emt 0:02:02]} g5 {[%emt 0:00:12]} 28. Rd3 {[%emt 0:00:54]} Kf6 {[%emt 0:00:48]} 29. Re3 {[%emt 0:01:58]} Rxe3 30. Kxe3 {[%emt 0:00:01]} Ke5 {[%emt 0:00:40]} 1/2-1/2